Flow charts for the engineering and construction contract (Record no. 104668)

MARC details
000 -LEADER
fixed length control field 01193cam a2200277 4500
001 - CONTROL NUMBER
control field ##L131184
008 - FIXED-LENGTH DATA ELEMENTS--GENERAL INFORMATION
fixed length control field 050720n2005 000 0 eng u
020 ## - INTERNATIONAL STANDARD BOOK NUMBER
International Standard Book Number 0727733672
035 ## - SYSTEM CONTROL NUMBER
System control number (Sirsi) u131184
041 0# - LANGUAGE CODE
Language code of text/sound track or separate title eng
050 04 - LIBRARY OF CONGRESS CALL NUMBER
Classification number 624.04 $2 18
110 2# - MAIN ENTRY--CORPORATE NAME
Corporate name or jurisdiction name as entry element Institution of Civil Engineers
9 (RLIN) 1402
245 ## - TITLE STATEMENT
Title Flow charts for the engineering and construction contract
250 ## - EDITION STATEMENT
Edition statement 3rd ed.
260 ## - PUBLICATION, DISTRIBUTION, ETC.
Place of publication, distribution, etc. London
Name of publisher, distributor, etc. Thomas Telford
Date of publication, distribution, etc. 2005
300 ## - PHYSICAL DESCRIPTION
Extent vii, 154p.
Dimensions 30cm.
350 ## - PRICE (NR) (BK AM CF MU VM SE) [OBSOLETE]
Price 15
490 ## - SERIES STATEMENT
Series statement New Engineering Contract (Third Edition)
Volume/sequential designation Engineering and Construction Contract (Third Edition): Flow Charts (Third Edition)
520 ## - SUMMARY, ETC.
Summary, etc. Presents a series of flow charts aiming to help users of the third edition of the ECC see how the various clauses and options can be used to produce clear and precise sequences of actions.
520 ## - SUMMARY, ETC.
Summary, etc. Supersedes second edition (ISBN 0727720805).
650 24 - SUBJECT ADDED ENTRY--TOPICAL TERM
Topical term or geographic name entry element NEW ENGINEERING CONTRACT (THIRD EDITION)
650 24 - SUBJECT ADDED ENTRY--TOPICAL TERM
Topical term or geographic name entry element NEC ENGINEERING AND CONSTRUCTION CONTRACT (THIRD EDITION)
690 ## - LOCAL SUBJECT ADDED ENTRY--TOPICAL TERM (OCLC, RLIN)
Topical term or geographic name as entry element BUILT ENVIRONMENT-BUILDING CONTRACT FORMS-STANDARD FORMS OF BUILDING CONTRACT-NEW ENGINEERING CONTRACT CONTRACTS
942 ## - ADDED ENTRY ELEMENTS (KOHA)
Suppress in OPAC 0
Holdings
Withdrawn status Lost status Source of classification or shelving scheme Damaged status Not for loan Home library Current library Shelving location Date acquired Total Checkouts Full call number Date last seen Price effective from Koha item type
    Dewey Decimal Classification     London London Basement 28/02/2023   OLD CONTRACTS 28/02/2023 28/02/2023 Book